100 premiers chiffres de PI - Statistiques

Statistiques générales
  • Ce quiz a été pris 1 183 fois
  • Le résultat moyen est 38 sur 101
Statistiques - réponses
Réponse % Correct
3
100%
1
98%
4
98%
1
96%
5
95%
9
93%
2
90%
6
87%
5
84%
3
80%
5
78%
8
77%
9
76%
7
74%
9
73%
2
72%
3
72%
3
71%
8
67%
4
66%
6
64%
2
60%
6
59%
3
58%
4
58%
3
56%
2
54%
3
53%
8
53%
7
52%
9
51%
5
49%
0
44%
2
44%
8
42%
4
41%
8
41%
1
40%
9
39%
1
38%
7
37%
6
36%
3
35%
9
35%
9
33%
9
32%
1
31%
3
31%
5
31%
7
30%
0
28%
2
28%
5
28%
8
28%
0
27%
4
25%
4
24%
7
24%
9
24%
4
23%
9
23%
5
22%
0
21%
2
21%
3
21%
9
21%
7
20%
8
20%
1
19%
6
19%
2
18%
4
18%
0
17%
6
17%
6
17%
8
17%
0
16%
2
16%
8
16%
9
15%
9
14%
2
13%
6
13%
8
13%
8
13%
3
12%
0
11%
2
11%
4
11%
5
10%
8
10%
1
9%
1
9%
2
9%
3
9%
4
9%
7
9%
0
8%
6
8%
7
8%
9
8%
Aucun quiz correspondant
Distribution des résultats
% des personnes avec chaque résultat
Percentile par nombre de réponses
Votre historique - résultats
Vous n’avez pas pris ce quiz